Tutti gli Elementi della Tavola periodica - Statistics

Statistiche generali
  • Questo quiz è stato fatto 491 volte
  • Il punteggio medio è 70 su 118
Statistiche sulle risposte
Z Simbolo Elemento % Corretto
1 H Idrogeno
99%
3 Li Litio
99%
8 O Ossigeno
99%
2 He Elio
98%
26 Fe Ferro
98%
4 Be Berillio
96%
6 C Carbonio
96%
17 Cl Cloro
96%
12 Mg Magnesio
96%
20 Ca Calcio
95%
7 N Azoto
94%
9 F Fluoro
94%
19 K Potassio
94%
13 Al Alluminio
93%
14 Si Silicio
93%
11 Na Sodio
93%
47 Ag Argento
92%
79 Au Oro
92%
30 Zn Zinco
92%
29 Cu Rame
90%
35 Br Bromo
88%
10 Ne Neon
88%
18 Ar Argon
87%
24 Cr Cromo
87%
15 P Fosforo
87%
5 B Boro
86%
28 Ni Nichel
86%
16 S Zolfo
86%
27 Co Cobalto
85%
31 Ga Gallio
85%
38 Sr Stronzio
83%
54 Xe Xeno
82%
33 As Arsenico
80%
36 Kr Kripton
80%
25 Mn Manganese
80%
82 Pb Piombo
80%
22 Ti Titanio
80%
92 U Uranio
78%
32 Ge Germanio
76%
34 Se Selenio
76%
56 Ba Bario
75%
80 Hg Mercurio
73%
55 Cs Cesio
72%
37 Rb Rubidio
70%
87 Fr Francio
69%
53 I Iodio
69%
74 W Tungsteno
69%
21 Sc Scandio
67%
23 V Vanadio
67%
48 Cd Cadmio
66%
88 Ra Radio
66%
40 Zr Zirconio
66%
94 Pu Plutonio
65%
78 Pt Platino
64%
46 Pd Palladio
61%
84 Po Polonio
61%
50 Sn Stagno
60%
49 In Indio
59%
77 Ir Iridio
59%
39 Y Ittrio
56%
52 Te Tellurio
56%
95 Am Americio
55%
63 Eu Europio
53%
42 Mo Molibdeno
52%
76 Os Osmio
52%
43 Tc Tecnezio
52%
83 Bi Bismuto
49%
86 Rn Radon
49%
99 Es Einsteinio
48%
57 La Lantanio
48%
93 Np Nettunio
48%
104 Rf Rutherfordio
48%
89 Ac Attinio
47%
45 Rh Rodio
47%
100 Fm Fermio
46%
51 Sb Antimonio
45%
81 Tl Tallio
45%
58 Ce Cerio
44%
101 Md Mendelevio
44%
90 Th Torio
43%
85 At Astato
41%
98 Cf Californio
41%
97 Bk Berkelio
40%
68 Er Erbio
40%
102 No Nobelio
40%
71 Lu Lutezio
39%
73 Ta Tantalio
39%
96 Cm Curio
38%
41 Nb Niobio
38%
75 Re Renio
38%
44 Ru Rutenio
38%
70 Yb Itterbio
37%
72 Hf Afnio
36%
118 Og Oganesson
35%
107 Bh Bohrio
32%
103 Lr Laurenzio
32%
115 Mc Moscovio
32%
67 Ho Olmio
31%
91 Pa Protoattinio
30%
105 Db Dubnio
29%
64 Gd Gadolinio
29%
116 Lv Livermorio
29%
61 Pm Promezio
29%
112 Cn Copernicio
28%
108 Hs Hassio
28%
60 Nd Neodimio
28%
62 Sm Samario
28%
106 Sg Seaborgio
28%
117 Ts Tennesso
28%
66 Dy Disprosio
27%
65 Tb Terbio
27%
113 Nh Nihonio
26%
59 Pr Praseodimio
26%
114 Fl Flerovio
24%
111 Rg Roentgenio
24%
69 Tm Tulio
24%
110 Ds Darmstadtio
19%
109 Mt Meitnerio
19%
Nessun quiz corrispondente trovato
Distribuzione punteggi
Percentuale di utenti per punteggio
Percentile per numero di risposta
I tuoi punteggi nel tempo
Non hai fatto questo quiz